Introduction to genetic analysis (Record no. 395097)

MARC details
000 -LEADER
fixed length control field 00616 a2200241 4500
005 - DATE & TIME
control field 20260128122330.0
008 - FIXED-LENGTH DATA ELEMENTS--GENERAL INFORMATION
fixed length control field 260128b |||||||| |||| 00| 0 eng d
020 ## - ISBN
International Standard Book Number 9781319589943
Price £ 76.99
040 ## - CATALOGING SOURCE
Original cataloging agency VIVEKANANDA LIBRARY
082 ## - DDC NUMBER
Classification number 575.1
Book Number G875I
100 ## - MAIN ENTRY--PERSONAL NAME
Personal name Griffiths, Anthony J F
245 ## - TITLE STATEMENT
Title Introduction to genetic analysis
250 ## - EDITION STATEMENT
Edition statement 12th
260 ## - PUBLICATION, DISTRIBUTION, ETC. (IMPRINT)
Name of publisher, distributor, etc Macmillon Learning
Date of publication, distribution, etc 2025
Place of publication, distribution, etc New York
300 ## - PHYSICAL DESCRIPTION
Pages xxiii, 797
650 ## - Subject
Subject Genetics
650 ## - Subject
Subject Gene
650 ## - Subject
Subject Genomes
700 ## - Added Entry Personal Name
Added Entry Personal Name Doebley, John
700 ## - Added Entry Personal Name
Added Entry Personal Name Peichel, Catherine
700 ## - Added Entry Personal Name
Added Entry Personal Name Wassarman, David A
942 ## - ADDED ENTRY ELEMENTS (KOHA)
Koha item type Books
Holdings
Withdrawn status Lost status Source of classification or shelving scheme Damaged status Not for loan Location (home branch) Sublocation or collection (holding branch) Shelving location Date acquired Koha issues (times borrowed) Koha full call number Accession No. Koha date last seen Koha item type
    Dewey Decimal Classification     VIVEKANANDA LIBRARY VIVEKANANDA LIBRARY Vivekananda Library 07/01/2026 2 575.1 G875I(12) 443930 27/03/2026 Books
© Designed and Maintained by Vivekananda Library, MDU Rohtak